Territorial organisation of Soviet economy (Record no. 4428)

MARC details
000 -LEADER
fixed length control field 00377nam a2200121 4500
082 ## - DEWEY DECIMAL CLASSIFICATION NUMBER
Classification number 330.947
Item number NEK
100 ## - MAIN ENTRY--PERSONAL NAME
Personal name Nekrasov, N
245 ## - TITLE STATEMENT
Title Territorial organisation of Soviet economy
Statement of responsibility, etc. by N.Nekrasov ; translated from the Russian by Yuri Sviridov
260 ## - PUBLICATION, DISTRIBUTION, ETC.
Place of publication, distribution, etc. Moscow
Name of publisher, distributor, etc. Progress Publishers
Date of publication, distribution, etc. c1974
300 ## - PHYSICAL DESCRIPTION
Extent 186p. ; 22cm.-
490 ## - SERIES STATEMENT
Series statement Socialism today
710 ## - ADDED ENTRY--CORPORATE NAME
Corporate name or jurisdiction name as entry element Sviridov, Yuri
Holdings
Withdrawn status Lost status Damaged status Not for loan Collection code Home library Current library Date acquired Total Checkouts Full call number Barcode Date last seen Price effective from Koha item type Copy number
        GEOGRAPHY & YAMUNACHARYA North Eastern Hill University North Eastern Hill University 24/11/2011   330.947 NEK B2651 24/11/2011 24/11/2011 Books  
        Gifts North Eastern Hill University North Eastern Hill University 24/11/2011   330.947 NEK 57770 24/11/2011 24/11/2011 Books ;1